000 00573cam a2200217ua 4500
001 7537
005 20260515114227.0
008 141212n ii |||gr||||Z||||||ben
020 _a8185971994
040 _cMAIN
041 _aben
082 _a491.44
100 _aBhoumik, N.,
_eAuthor.
245 1 _aVigyan charchyay bangla paribhasa :
_bItihas, samasya o samadhan /
_cBy Nipen Bhoumik .
250 _a1st.
260 _aCalcutta:
_bNoya,
_c2002.
300 _a103p.
653 _aEast Indo-European & Celtic languages
653 _aBengali language
942 _cBK
999 _c6655
_d6655